000 00637nam a2200205Ii 4500
003 JO-AjNU
008 230605s9999||||xx |||||||||||||| ||und||
040 _aJO-AjNU
_bara
_erda
_cJO-AjNU
041 _aara
050 1 4 _aBP166.78.J3788 1991
100 3 _aجعرش، محمد,
_eauthor
_98668
245 0 0 _aرحلة الإيمان والتقوى
250 _aط1
264 3 1 _aدمشق: دار المعرفة نشر توزيع طباعة، 1991
300 _a95ص
336 _atext
_btxt
_2rdacontent
337 _aunmediated
_bn
_2rdamedia
338 _avolume
_bnc
_2rdacarrier
650 4 _aالايمان- علم الكلام
_98669
999 _aA906
_c4474
_d4474